[Event "Chioggia op-B 15th"]
[Site "Chioggia"]
[Date "2022.10.02"]
[Round "4"]
[White "Altissimo, Tiziano"]
[Black "Muraro, Alberto"]
[Result "0-1"]
[WhiteElo "1396"]
[BlackElo "1804"]
[PlyCount "50"]
[EventDate "2022.09.30"]
[EventType "swiss"]
[EventRounds "5"]
[EventCountry "ITA"]
[SourceTitle "EXT 2024"]
[Source "ChessBase"]
[SourceDate "2023.10.10"]
[SourceVersion "1"]
[SourceVersionDate "2023.10.10"]
[SourceQuality "1"]

1. e4 e5 2. Nf3 Nf6 3. Nxe5 d6 4. Nf3 Nxe4 5. d4 d5 6. Bd3 Be7 7. 0-0 Nc6 8. Re1 Bg4 9. c3 f5 10. Nbd2 0-0 11. h3 Bh5 12. Qb3 Kh8 13. Qc2 Rf6 14. Bb5 Nxd2 15. Nxd2 f4 16. Nf3 Bxf3 17. gxf3 Bd6 18. Bxc6 bxc6 19. Kh2 Rh6 20. Qf5 Qh4 21. Re2 Rg6 22. Bd2 Rf8 23. Qd7 Qg5 24. Qg4 Qd8 25. Qh5 Rg5 0-1